000
00201nam a2200085Ia 4500
008
120527s9999 xx 000 0 und d
100
_a
Preatly & Quinsey
245
_a
Human sexual aggression
942
_c
BK
999
_c
27608
_d
27608